|
|
|
|
| LEADER |
00000nam a2200000 a 4500 |
| 001 |
vtls001419879 |
| 003 |
SK-MaSNL |
| 005 |
20260301072254.0 |
| 008 |
240509s2001 xo ap r yy slo |
| 015 |
|
|
|a SNBA2001/12-04295
|
| 020 |
|
|
|a 8022513490
|c 135,00 Sk
|
| 035 |
|
|
|a SNK000374706
|
| 035 |
|
|
|a urn:nbn:sk:snk-amyh9t
|
| 035 |
|
|
|a urn:nbn:sk:snk-am00ck8y
|
| 035 |
|
|
|a 3B9FC9E2-DB9C-4FD4-A3E5-154F76F61007
|
| 040 |
|
|
|a SNK
|b slo
|c SNK
|e AACR2
|
| 041 |
0 |
|
|a slo
|
| 044 |
|
|
|a xo
|c SK
|
| 080 |
|
|
|a 330.534(075.8)
|2 1981
|
| 100 |
1 |
|
|a Husár, Jaroslav,
|d 1936-
|4 aut
|9 102254
|
| 245 |
1 |
|
|a Input-output analýza a systém národných účtov
|c Jaroslav Husár, Viera Mokrášová, Marián Goga
|
| 260 |
|
|
|a Bratislava
|b Ekonóm
|c 2001
|
| 300 |
|
|
|a 225 s.
|b tab.
|c 29 cm
|
| 500 |
|
|
|a 200 výt.
|
| 504 |
|
|
|a Bibliogr. odkazy
|
| 650 |
0 |
7 |
|a účty národné
|x analýza input-output
|2 SNK
|9 391426
|
| 655 |
|
7 |
|a Textbooks (higher)
|2 SNKPHeng
|9 276436
|
| 655 |
|
7 |
|a učebnice vysokých škôl
|2 SNKPH
|9 70191
|
| 700 |
1 |
|
|a Mokrášová, Viera,
|d 1945-
|4 aut
|9 100481
|
| 700 |
1 |
|
|a Goga, Marián,
|d 1950-
|4 aut
|9 260375
|
| 919 |
|
|
|a 80-225-1349-0
|
| 958 |
|
|
|a TL
|
| 958 |
|
|
|a NB
|
| 958 |
|
|
|a UV
|
| 958 |
|
|
|a OND
|
| 999 |
|
|
|c 640539
|d 642469
|
| 952 |
|
|
|t P60, <03>, [BOOK], {603}
|a SNK
|b SNK
|y PREZ
|7 0
|p 17A0314859
|o snkSB 63912
|i snkKSP 10682/2001
|0 0
|1 0
|4 0
|d 2001-09-13
|f 1
|l 0
|r 2025-04-17 00:00:00
|w 2026-02-23
|
| 952 |
|
|
|t P60, <04>, [BOOK], {604}
|a SNK
|b SNK
|y VYP
|7 0
|p 17A0314860
|o snkSB 63912 D1
|i snkKSP 10683/2001
|0 0
|1 0
|4 0
|d 2001-09-13
|l 0
|r 2005-01-02 00:00:00
|w 2026-02-23
|